| 000 | 00679nam a2200217Ii 4500 | ||
|---|---|---|---|
| 001 | 20475 | ||
| 003 | CO-ViMGA | ||
| 008 | 241108s9999||||xx |||||||||||||| ||und|| | ||
| 020 | _a9581700617 | ||
| 040 |
_aCO-ViMGA _bspa _erda _cCO-ViMGA |
||
| 041 | 0 | _aspa | |
| 082 | 0 | 4 | _a720.986 A71h |
| 100 | 1 |
_aSilvia Arango _952179 |
|
| 245 | 1 | 0 | _aHistoria de la arquitectura en Colombia |
| 264 | 1 | _aBogotá, Colombia : Centro Editorial y Facultad de Artes. Universidad Nacional de Colombia, 1989 | |
| 300 | _avolumen | ||
| 336 |
_atext _btxt _2rdacontent |
||
| 337 |
_aunmediated _bn _2rdamedia |
||
| 338 |
_avolume _bnc _2rdacarrier |
||
| 940 | _aidficha_siabuc: 20130. -- ficha_no_siabuc:20475 | ||
| 999 |
_c46950 _d46950 |
||